Wiejski rynek pracy w okresie transformacji ustrojowej gospodarki polskiej

Salvato in:
Dettagli Bibliografici
Altri autori: Sosnowska, Bogumila
Natura: Libro
Lingua:polacco
Pubblicazione: Poznan Wydawnictwo Akademii Ekonomicznej w Poznaniu 2003
Serie:Zeszyty naukowe 32
Soggetti:
Tags: Aggiungi Tag
Nessun Tag, puoi essere il primo ad aggiungerne!!

MARC

LEADER 00000nam$a2200000$$$4500
001 0012856
005 20240104133147.2
020 |a 83-89224-48-8 
022 |a 1641-2168 
041 0 |a pol 
044 |a PL 
245 1 0 |a Wiejski rynek pracy w okresie transformacji ustrojowej gospodarki polskiej  |c Redaktor naukowy: Bogumila Sosnowska 
264 1 |a Poznan  |b Wydawnictwo Akademii Ekonomicznej w Poznaniu  |c 2003 
300 |a 171 s. 
490 1 |a Zeszyty naukowe  |v 32 
830 0 |a Zeszyty naukowe  |v 32 
610 2 0 |a trh práce 
610 2 0 |a transformácia 
610 2 0 |a demografia 
610 2 0 |a makroekonomika 
610 2 0 |a mikroekonomika 
610 2 0 |a podnikanie 
610 2 0 |a vidiek 
610 2 0 |a poľnohospodárstvo 
610 2 0 |a Poľsko 
610 2 0 |a Európska únia 
700 1 |a Sosnowska, Bogumila